000
00329nam a2200133Ia 4500
008
240624s9999 xx 000 0 und d
041
_a
eng
082
_a
005.1 JOH
100
_a
JOHNSONBAUGH RICHARD
245
_a
ALGORITHMS
260
_c
2004
_a
New Delhi
_b
Pearson Education
300
_a
vii, : 752 : p. : cm. ; 24
365
_c
RS
999
_c
3035
_d
3035